[Event "JOR-ch sf"]
[Site "Amman"]
[Date "2009.04.02"]
[Round "6"]
[White "Faeq, Mohammed"]
[Black "Barakat, Nafez"]
[Result "0-1"]
[WhiteElo "1763"]
[BlackElo "1839"]
[PlyCount "36"]
[EventDate "2009.03.26"]
[EventType "swiss"]
[EventRounds "9"]
[EventCountry "JOR"]
[SourceTitle "EXT 2022"]
[Source "ChessBase"]
[SourceDate "2021.10.06"]
[SourceVersion "1"]
[SourceVersionDate "2021.10.06"]
[SourceQuality "1"]

1. e4 c5 2. Nf3 Nc6 3. d4 cxd4 4. Nxd4 g6 5. Be3 Bg7 6. Nc3 Nf6 7. f3 0-0 8. Qd2 d5 9. 0-0-0 Be6 10. b3 Qa5 11. e5 Nd7 12. f4 Qa3+ 13. Kb1 Rfd8 14. Qc1 Qa5 15. Nce2 Nc5 16. Bd2 Qb6 17. Qa3 a5 18. Nc3 Nxd4 0-1